| 000 | 02440cam a22005054i 4500 | ||
|---|---|---|---|
| 003 | PE-LiUPU | ||
| 005 | 20250731172915.0 | ||
| 008 | 150617s1981 sp r 000 0 spa d | ||
| 020 | _a8425411408 | ||
| 035 | _a(Sirsi) i9788425411403 | ||
| 040 |
_aPE-LiUPU _bspa _cPE-LiUPU _erda |
||
| 049 | _aPRUA | ||
| 082 | 0 | 4 |
_a297.06 _bK49 _221 |
| 100 | 1 |
_aKhoury, Adel-Theodor, _eautor. |
|
| 245 | 1 | 4 |
_aLos fundamentos del islam / _cAdel-Th. Khoury ; [versión del alemán de Claudio Gancho]. |
| 264 | 1 |
_aBarcelona : _bEditorial Herder, _c1981. |
|
| 300 |
_a272 páginas ; _c21 centímetros |
||
| 336 |
_atext _2rdacontent |
||
| 337 |
_aunmediated _2rdamedia |
||
| 338 |
_avolume _2rdacarrier |
||
| 505 | 0 | _aEl islam en el mundo -- Mahoma el predicador del islam -- Profetas y escritos sagrados -- Mahoma, el profeta -- Mahoma y los politeístas -- El enfrentamiento con judíos y cristianos -- El Corán: Revelación y mensaje -- Fuentes y escuelas principales de la religión islámica -- Dios -- Angeles y demonios -- La resurrección, el juicio final y la vida del más allá -- El hombre en el mundo -- El hombre y su camino ante Dios -- Características de la moral islámicas -- El camino del hombre hacia Dios -- La comunidad islámica. | |
| 526 | _aSEG42 | ||
| 526 | _aSEG41 | ||
| 526 | _aSEG40 | ||
| 526 | _aSEG39 | ||
| 526 | _aP94 | ||
| 526 | _aP87 | ||
| 526 | _aP86 | ||
| 526 | _aP85 | ||
| 526 | _aP77 | ||
| 526 | _aP76 | ||
| 526 | _aP35 | ||
| 650 | 0 | 4 |
_aCorán _xCrítica e interpretación. |
| 700 | 1 |
_aGancho, Claudio, _etraductor. |
|
| 910 |
_ajck _bjvq _cjck _d20150616 |
||
| 942 |
_2ddc _cBOOK |
||
| 949 |
_a297.06 K49 _wDEWEY _c1 _i37015 _lCCODEBUL1 _mBUL _r0 _sY _tBOOK _u2015-6-17 _xTEOLOGIA _PP35 _0COMPRA _o.STAFF. Colección Teología |
||
| 949 |
_a297.06 K49 _wDEWEY _c2 _i20200 _d2016-4-25 _e2016-4-18 _lCCODEBUL1 _mBUL _n1 _r0 _sY _tBOOK _u2015-6-17 _xTEOLOGIA _PP35 _0COMPRA _o.STAFF. Colección Teología |
||
| 994 |
_aC0 _bPEPRU |
||
| 596 | _a1 | ||
| 999 |
_a297.06 K49 _wDEWEY _c16556 _i37015 _d16556 _e2017-7-10 _f2021-11-12 _g5 _lCCODEBUL1 _mBUL _n1 _p10.00 _q2 _r0 _sY _tBOOK _u2015-6-17 _xTEOLOGIA _PP35 _0COMPRA _o.STAFF. Colección Teología |
||
| 999 |
_a297.06 K49 _wDEWEY _c2 _i20200 _d2018-6-28 _e2016-4-18 _f2019-12-11 _g4 _lDISCARD _mBUL _n1 _p25.00 _q4 _r1 _sY _tBOOK _u2015-6-17 _xTEOLOGIA _PP35 _0COMPRA _o.STAFF. Colección Teología |
||
| 980 |
_81 _gALBERTO SANCHEZ Responsable de Automatización |
||